Music Quiz

Random Music or Album Quiz

Songs on Help! Quiz Stats

 Plays Quiz Updated Oct 30, 2014

Also try: Songs on Revolver
Challenge
Share
Tweet
Embed
Score 0/14 Timer 04:00
1 Play Today
Side % Correct
Side 1Help!
99.6%
Side 2Yesterday
64%
Side 1You've Got to Hide Your Love Away
63.6%
Side 1Ticket to Ride
63.2%
Side 1The Night Before
53.6%
Side 1Another Girl
53%
Side 1You're Going to Lose That Girl
50.8%
Side % Correct
Side 2Dizzy Miss Lizzy
50%
Side 2Act Naturally
49.9%
Side 1I Need You
49.4%
Side 2I've Just Seen a Face
46.8%
Side 2It's Only Love
37.5%
Side 2You Like Me Too Much
34.7%
Side 2Tell Me What You See
32%

You're not logged in!

Compare scores with friends on all Sporcle quizzes.
Join for Free
OR
Log In

You Might Also Like...

Show Comments

Extras

Top Quizzes Today


Score Distribution

Your Account Isn't Verified!

In order to create a playlist on Sporcle, you need to verify the email address you used during registration. Go to your Sporcle Settings to finish the process.

Report this User

Report this user for behavior that violates our Community Guidelines.

Details: